000 00936nam a2200265Ia 4500
003 OSt
005 20220923224238.0
006 a|||||r|||| 00| 0
007 ta
008 220922b |||||||| |||| 00| 0 hin d
024 _a229,896
037 _cTextual
040 _aARTS
_cARTS
_bhin
041 _2hin
_ahin
082 _aO152,3N48x, P6
100 _aशर्मा, नासिरा
_9156318
245 0 _aदस प्रतिनिधि कहानियॉं
246 _aDas pratinidhi kahāniyaॉan
260 _aनयी दिल्ली
_b किताबघर प्रकाशन
_c2006
300 _a127पृ.
_ccm.
490 _aदस प्रतिनिधि कहानियॉं सीरीज़
650 _aहिन्दी साहित्य
_9156264
942 _hO152,3N48x, P6
_cTEXL
_2CC
999 _c370160
_d370160